| 000 | 00832nam a2200229 i 4500 | ||
|---|---|---|---|
| 001 | 176133 | ||
| 003 | ES-MaACL | ||
| 005 | 20250805062616.0 | ||
| 007 | t| | ||
| 008 | 101220s1967 sp ||||1| spa d | ||
| 080 | _a316 | ||
| 100 | 1 |
_aKofler, Leo. _968465 |
|
| 245 | 1 | 3 |
_aLa ciencia de la sociedad : _besbozo de una teoría de la sociología dialéctica / _cLeo Kofler ; traducción del alemán por José Díaz García. |
| 260 |
_aMadrid : _bRevista de Occidente, _c[1967] |
||
| 300 |
_a258 p. ; _c19 cm. |
||
| 490 | 1 |
_aBiblioteca de política y sociología. Serie minor ; _v1 |
|
| 650 | 7 |
_aSociología _2embne _917195 |
|
| 700 | 1 |
_aDíaz García, José. _944287 |
|
| 830 | 1 |
_aBiblioteca de política y sociología. Serie minor ; _v1 _9189941 |
|
| 852 |
_aES-MaACL _jE-13820 _xOlim P-1291 |
||
| 999 |
_c176133 _d176133 |
||